Top 10 Buteurs - Ligue des Champions - Statistiques

Statistiques générales
  • Ce quiz a été pris 554 fois
    92 depuis la dernière actualisation
  • Le résultat moyen est 8 sur 10
Statistiques - réponses
Buts Nationalité Joueur % Correct
140 Portugal Cristiano Ronaldo
100%
129 Argentine Lionel Messi
100%
55 France Kylian Mbappé
92%
105 Pologne Robert Lewandowski
92%
90 France Karim Benzema
90%
57 Allemagne Thomas Müller
78%
48 Suède Zlatan Ibrahimovic
77%
50 France Thierry Henry
68%
48 Ukraine Andriy Shevchenko
60%
71 Espagne Raul
60%
Aucun quiz correspondant
Distribution des résultats
% des personnes avec chaque résultat
Percentile par nombre de réponses
Votre historique - résultats
Vous n’avez pas pris ce quiz depuis la dernière actualisation